Indian companies in Malaysia.
| Format: | Book |
|---|---|
| Published: |
Kuala Lumpur:
high commission of India,
2008.
|
| Subjects: |
| LEADER | 00472cam a2200145 7i4500 | ||
|---|---|---|---|
| 001 | 0000023060 | ||
| 005 | 20090701090000.0 | ||
| 090 | 0 | 0 | |a M 338.7025 |b IND |
| 245 | 0 | 0 | |a Indian companies in Malaysia. |
| 260 | 0 | 0 | |a Kuala Lumpur: |b high commission of India, |c 2008. |
| 300 | # | # | |a 10 p. |
| 650 | 0 | 0 | |a Malaysia |
| 650 | 0 | 0 | |a Business -- |x Directories -- |z Malaysia |
| 650 | 0 | 0 | |a Indian companies -- |x Directories -- |z Malaysia |
| 999 | |a 0000022746 |b Directories |c Malaysia |e Business Information Centre | ||